| 000 | 00346nmm a2200145 a 4500 | ||
|---|---|---|---|
| 003 | AR-BaBNM | ||
| 005 | 20251128203104.0 | ||
| 008 | 023119s1959 ||||||||||||||000 | spa|| | ||
| 040 | _cAR-BaBNM | ||
| 100 | 1 | _aFoster, Harold E. | |
| 245 | 1 | 0 | _aEl principe valiente en el mar |
| 260 |
_a[S.l.] _bAcme _c1959 |
||
| 942 | _cBK | ||
| 998 | _cMATO MOURAZOS | ||
| 999 |
_c1825 _d1825 |
||